Sports Quiz

Random Sports or MLB Quiz

MLB First 40 HR Player by Team Quiz Stats

Quiz Updated Nov 9, 2016

Challenge
Share
Tweet
Embed
Score 0/36 Timer 10:00
2 Plays Today
Team Player % Correct
Yankees ^Babe Ruth (54)
98.6%
Braves (Atl) ^Hank Aaron (44)
80.2%
DiamondbacksLuis Gonzalez (57)
74.9%
RangersJuan Gonzalez (43)
74.8%
Mariners^Ken Griffey Jr. (45)
71.3%
White Sox^Frank Thomas (41)
71.2%
Expos Vladimir Guerrero (41)
71%
BrewersGorman Thomas (45)
70.9%
AstrosJeff Bagwell (43)
70.3%
Rays *Carlos Pena (46)
63.4%
Twins ^Harmon Killebrew (46)
62.8%
Athletics (Oak) ^Reggie Jackson (47)
59.7%
Athletics (Phi) ^Jimmie Foxx (58)
59.2%
Red Sox ^Jimmie Foxx (41)
59.2%
Dodgers (LA)^Mike Piazza (40)
53.8%
Rockies Dante Bichette (40)
50.9%
Giants (NY) ^Mel Ott (42)
50.3%
MarlinsGary Sheffield (42)
46.2%
Team Player % Correct
Nationals *Alfonso Soriano (46)
46.2%
Tigers ^Hank Greenberg (40)
46%
Angels Troy Glaus (47)
44.8%
PhilliesCy Williams (41)
44.6%
Braves (Mil) ^Eddie Mathews (47)
41.7%
PadresKen Caminiti (40)
41.5%
Cubs ^Hack Wilson (56)
40.9%
Cardinals ^Rogers Hornsby (42)
38.1%
Pirates ^Ralph Kiner (51)
36.7%
Senators Frank Howard (44)
29.5%
Giants (SF) ^Orlando Cepeda (46)
25.7%
Blue JaysJesse Barfield (40)
25.4%
RedsTed Kluszewski (40)
24.5%
MetsTodd Hundley (41)
23.1%
Dodgers (Bro)Gil Hodges (40)
23%
OriolesJim Gentile (46)
11.6%
IndiansHal Trosky (42)
7.5%
SenatorsRoy Sievers (42)
6.5%

You're not logged in!

Compare scores with friends on all Sporcle quizzes.
Join for Free
OR
Log In

You Might Also Like...

Show Comments

Extras

Top Quizzes Today


Score Distribution

Your Account Isn't Verified!

In order to create a playlist on Sporcle, you need to verify the email address you used during registration. Go to your Sporcle Settings to finish the process.

Report this User

Report this user for behavior that violates our Community Guidelines.

Details: